000 00426nam a2200181Ia 4500
001 10222
005 20260306161816.0
008 260306t1999||||xx |||||||||||||| ||spa||
041 _aESP
082 _a909.04924
_bJ74
100 _aJosefo, Flavio
_eAUT
245 0 _aLa guerra de los judíos
260 _c1999
300 _axlii, 298 páginas :
_c22 cm.
650 _aGEN
654 _aCHU
942 _cLIB
_dJUS
_fJUS
_2ddc
_n
999 _c10222
_d10222